Les Jeux Olympiques 100 questions progressives - Statistiques

Statistiques générales
  • Ce quiz a été pris 91 fois
  • Le résultat moyen est 53 sur 100
Statistiques - réponses
% Question Réponse % Correct
13 Citez un pays d'Europe ayant participé aux tout premiers JO de l'ère moderne France | Allemagne | Autriche | Bulgarie | Danemark | Grèce | Hongrie | Royaume-Uni | Italie | Suède | Suisse
100%
37 Citez un des trois pays ayant remporté le plus de médailles lors des 1ers JO de l'ère moderne Grèce | Etats-Unis | Allemagne
100%
1 Dans quels pays sont nés les jeux olympiques antiques ? Grèce
98%
81 Alain Mimoun a été champion olympique (...) fois 1 | Une
94%
44 Combien de médailles d'or a obtenu Marie-José Pérec ? 2 | Deux
92%
7 Combien d'anneaux figurent sur le drapeau olympique ? 5 | cinq
92%
3 Qui a eu l'idée des JO modernes ? Pierre de {Coubertin}
92%
24 Lors des 1ers JO modernes, la France remporte des médailles dans trois disciplines. Citez en une Cyclisme | Escrime | Athlétisme
91%
9 On dit parfois que les anneaux représentent les continents, le bleu serait celui de l' Europe
91%
38 Quel continent a organisé les plus souvent les jeux d'été Europe
91%
16 Citez une des disciplines qui est toujours olympique sans interruption et l'était déjà lors des 1ers jeux modernes Natation | Gymnastique | Athlétisme | Escrime | Cyclisme
91%
14 Citez un pays d'Amérique ayant participé aux premiers JO de l'ère moderne Chili | Etats-Unis
89%
18 Dans quel sport utilise-t-on un sabre ? Escrime
89%
64 Quelle était la discipline de Christian d'Oriola, 3 fois champion olympique ? Escrime
89%
94 En 2034, quel pays aura accueilli le plus de fois les JO ? Etats-Unis
89%
8 On dit parfois que les anneaux représentent les continents, le noir serait celui de l' Afrique
88%
17 A quel sport appartient le lancer de poids ? Athlétisme
88%
22 Quelle très longue course à pied apparait lors des premiers JO modernes ? Marathon
88%
15 Citez un pays d'Océanie ayant participé aux tout premiers JO de l'ère moderne Australie
87%
11 Le drapeau olympique est formé de (...) couleurs 6 | six
86%
25 Le Tour de France a été créé avant ou après les 1ers JO modernes ? Après
86%
6 Quelle capitale a été choisie comme site des premiers JO modernes ? Athènes
85%
12 La devise des JO est traditionnellement dans une langue morte, laquelle ? latin
85%
63 Lors des JO de 1932 quel pays asiatique envoie un seul sportif ? Chine
84%
23 Où vont se dérouler les JO d'été en 2028 ? Los Angeles
82%
10 On dit parfois que les anneaux représentent les continents, le vert serait celui de l' Océanie
82%
32 Citez une des années au cours desquelles Paris a organisé les JO 1900 | 1924 | 2024
81%
26 Les 2e JO se déroulent à Paris
80%
33 La section XI des 2e JO est réservée aux militaires ? Vrai ou faux Vrai
80%
2 Olympique vient du nom de la ville d'/de Olympie
79%
20 Quelle arme n'a pas fait l'objet de compétitions d'escrime lors des premiers JO modernes ? Epée
78%
54 Combien de médailles d'or a obtenu Nicolas Karabatic ? 3 | Trois
76%
19 Citez un des agrès de la gymnastique masculine Barre fixe | Barres parallèles | Anneaux | Saut
75%
43 Citez un pays d'Amérique centrale ou du sud qui a organisé les JO Mexique | Brésil
74%
52 Citez un des pays européens (toujours existant) qui n'a accueilli qu'une fois les JO Belgique | Pays-Bas | Finlande | Espagne
73%
40 Quel type d'événement a conduit à l'annulation de plusieurs éditions des JO Guerre
73%
45 Citez une des années au cours desquelles Pékin a accueilli les JO 2008 | 2022
69%
98 Où devaient se dérouler les JO de 1916 ? Berlin | Allemagne
68%
41 Citez un pays scandinave qui n'a jamais organisé les JO Danemark | Islande
68%
57 Elles sont 65 aux JO d'Anvers, les nations ou les femmes ? Femmes
67%
30 Quelle épreuve de tir n'a jamais existé aux JO ? Tir au canon, tir à l'arbalète ou tir aux pigeons Tir {à l'arbalète}
67%
46 Lors des jeux de Londres de 1908, les compétitions sont réparties sur trois saisons, laquelle est négligée ? Automne
66%
29 Citez un pays d'Asie ayant participé aux 2e JO de l'ère moderne (nom actuel) Inde | Iran
66%
60 Quel grand pays européen n'est pas invité aux JO de 1924 ? Allemagne
65%
42 Quelle était la discipline de Martin Fourcade, 5 fois champion olympique ? Biathlon
65%
34 Dans quel cours d'eau se déroulent les épreuves d'aviron, de water-polo et de natation lors des 2e jeux Seine
64%
79 En 1948, quel pays asiatique envoie la plus grosse délégation (77 sportifs) ? Inde
62%
21 Lors des premiers JO modernes les épreuves de natation se déroulent... en piscine ou en mer En mer
60%
4 Le fondateur des jeux modernes est né en France
56%
62 Lucien Gaudin, escrimeur le plus médaillé des JO de 1928 est de nationalité française
55%
5 Lors de quel siècle ont eu lieu les premiers JO modernes XIXe | 19e
55%
56 Quel pays africain a une délégation en 1908 ? Afrique-du-sud
53%
55 Citez une des deux principales autres villes où se déroulent des épreuves des JO d'Anvers Bruxelles | Ostende
53%
74 Combien d'athlètes israéliens sont tués lors de la prise d'otages des Jeux de Munich 11
52%
39 Quelle ville française a accueilli les 1ers JO d'hiver Chamonix
52%
75 Citez pays d'Afrique du Nord qui prend part aux JO de 1924 Egypte
52%
51 Quelle était la discipline de Suzanne Lenglen, 2 fois championne olympique ? Tennis
52%
28 En quelle année les premières femmes peuvent-elles s'inscrire aux JO ? 1900
48%
27 Quel événement a lieu en même temps que les 2e JO ? Exposition universelle | Exposition de 1900
48%
50 En 1912, les femmes peuvent se présenter pour la première fois aux épreuves de natation | plongeon
48%
31 Où vont se dérouler les JO d'été en 2032 ? Brisbane
45%
100 Quel animal à plumes est au centre d'un concours lors des JO de 1900 ? Pigeon
45%
53 Qui était président du comité d'organisation des JO de Paris en 2024 ? Tony Estanguet
45%
95 Les Suédois ne prennent pas part au premier défilé des athlètes parce que leur drapeau a été oublié ou parce qu'il a été détruit involontairement Il a été {oublié}
44%
66 Les contrôles antidopage sont institués par le CIO pour la 1ère fois en 1968
42%
92 Lors de quels jeux (année ou ville) des épreuves sont organisées dans la baie de Djurgårdsbrunnsviken ? 1912 | Stockholm
40%
35 Quel jeu nécessitant des boules, des arceaux et un maillet est olympique pendant une seule édition ? Croquet
40%
59 John Kelly, 3 fois champion olympique en aviron est le père d'une célèbre actrice américaine nommée Grace Kelly
40%
82 Citez un des pays qui participe pour la 1ère fois aux JO en 1956 Ethiopie | Fidji | Kenya | Liberia | Malaisie | Ouganda
39%
93 La boxe apparait pour la 1ère fois aux JO en 1904
32%
69 Le premier défilé des athlètes derrière leur drapeau a eu lieu aux JO de 1908
32%
49 Où vont se dérouler les JO d'hiver en 2026 ? Milan | Cortina d'Ampezzo
31%
76 Rome a organisé les JO de 1960 mais elle aurait du organiser les jeux finalement attribués en 1908 à un autre pays, lequel ? Royaume-Uni
29%
87 Quel sport hippique a existé lors de 5 éditions des JO ? polo
26%
36 Les 3e JO se déroulent aux Etats-Unis dans la ville de Saint-Louis
25%
67 Citez un des pays africains (portant le même nom en 2024) ayant envoyé moins de 5 sportifs aux JO de 1972 Gabon | Lesotho | Somalie
24%
72 Où vont se dérouler les JO d'hiver en 2030 ? Alpes françaises
18%
73 Quelle discipline se dispute en 1908 dans la baie de Naples ? Voile
18%
91 La distance du marathon est celle séparant le palais de Buckingham à Londres du château de Windsor
16%
58 Nous jurons de prendre part aux Jeux olympiques en compétiteurs loyaux, d'observer scrupuleusement les règlements et de faire preuve d'un esprit chevaleresque pour l'honneur de nos pays et pour la gloire du Sport est le texte originel du serment olympique
14%
47 Quel roi ouvre les JO de 1908 ? Edouard VII
13%
61 Comment se nomme le futur tarzan qui survole les épreuves de natation en 1924 ? Johnny Weissmuller
13%
65 Qui déclare ouverts les jeux de 1964 ? Hirohito
12%
90 Quelle type de sport est le glima ? sport de démonstration en 1912 lutte
9%
68 Quelle était la discipline du suédois Ulrich Salchow, champion olympique en 1908 ? Patinage artistique
9%
84 Le village olympique des JO de Paris 1924 est installé près du stade olympique dans les actuels Hauts-de-Seine à Colombes
8%
70 En 1964, le Japon remporte 3 des quatre titres en judo, quelle est la nationalité du 4e champion olympique ? Néerlandais
8%
77 Les JO de Paris 2024 sont la (...) édition organisée des JO d'été 30e | trentième
7%
86 Où vont se dérouler les JO d'hiver en 2030 ? Salt Lake City
7%
97 En quelle année ont eu lieu des jeux dit "intercalaires" non reconnus par le CIO ? 1906
6%
89 Le siège du CIO est transféré de Paris à Lausanne en 1915
5%
83 Des contre-jeux sont organisés pour ceux qui ne veulent pas de rendre à Berlin en 1936 dans la ville de Barcelone
5%
96 Comment se nomme la seule délégation d'Océanie en 1908 ? Australasie
4%
80 Un documentaire a été réalisé par Leni Riefenstahl lors des JO de 1936, il a pour titre Les dieux du stade
4%
85 Quel roi a ouvert les JO de 1912 ? Gustave V
2%
78 Citez un des deux sportifs ayant levé le poing pendant l'hymne américain (prénom et nom) Tommie Smith | John Carlos
2%
71 Quelle piscine est construite pour les JO de 1924 ? Piscine des {Tourelles}
1%
88 Quelle prière est prononcée lors de l'ouverture des JO de 1920 De profundis
0%
48 Comment appelle-t-on le tennis lors des 1ers JO ? Lawn-tennis
0%
99 Lors des premiers JO on ne parle pas de cyclisme mais de vélocipédie
0%
Aucun quiz correspondant
Distribution des résultats
% des personnes avec chaque résultat
Percentile par nombre de réponses
Votre historique - résultats
Vous n’avez pas pris ce quiz